Major human resource management issues in crossborder mergers and acquisitions - selected case study diplomová práca

Na minha lista:
Detalhes bibliográficos
Autor principal: Woltemarová, Michaela
Autor Corporativo: Ekonomická univerzita v Bratislave. Ústav medzinárodných programov
Outros Autores: Ferenčíková, Soňa, 1960-
Formato: Livro
Idioma:inglês
Publicado em: Bratislava 2015
Tags: Adicionar Tag
Sem tags, seja o primeiro a adicionar uma tag!

MARC

LEADER 00000nbm a2200000 4500
001 0208986
005 20170315090448.9
041 0 |a eng 
044 |a SK 
245 1 0 |a Major human resource management issues in crossborder mergers and acquisitions - selected case study  |b diplomová práca  |c Michaela Woltemarová ; školiteľ: Soňa Ferenčíková 
264 1 |a Bratislava  |c 2015 
300 |a 94 s. 
100 1 |a Woltemarová, Michaela 
700 1 |a Ferenčíková, Soňa, 1960- 
710 2 |a Ekonomická univerzita v Bratislave. Ústav medzinárodných programov